Matemática moderna : (Registro nro. 7433)

Detalles MARC
000 -CABECERA
Campo de control interno 01922nam a2200277Ia 4500
008 - ELEMENTOS DE LONGITUD FIJA - INFORMACIÓN GENERAL
Campo de control de longitud fija 260220t1968||||xx |||||||||||||| ||spa||
040 ## - FUENTE DE CATALOGACIÓN
Agencia de catalogación original PY-SlUNAC
Idioma de catalogación spa
Convenciones de descripción rda
041 ## - CÓDIGO DE IDIOMA
Código de idioma para texto/pista de sonido o título separado spa
082 ## - NÚMERO DE CLASIFICACIÓN DECIMAL DEWEY
Clasificación Decimal Dewey (CDD) 512
Clasificación Expansiva de Cutter (EC) R299a
100 ## - ASIENTO PRINCIPAL - NOMBRE PERSONAL
Nombre personal Repetto, Celina H.
Rol del autor Autor
245 #0 - TÍTULO
Título Matemática moderna :
Subtítulo algebra y geometría /
Mención de responsabilidad por Celina H. Repetto [Autor]; Marcela E. Linskens [Autor] y Hilda B. Fesquet [Autor]
250 ## - MENCIÓN DE EDICIÓN
Mención de edición Segunda edición
264 ## - PIE DE IMPRENTA
Lugar Buenos Aires :
Editorial Kapelusz,
Año ℗1968.
300 ## - DESCRIPCIÓN FÍSICA
Páginas 1 volumen
520 ## - NOTA DE RESUMEN
Nota de resumen "Matemática moderna: álgebra y geometría" de Celina H. Repetto es una obra fundamental que introduce conceptos de matemáticas avanzadas de manera accesible para estudiantes y educadores. A lo largo del texto, la autora explora los principios del álgebra y la geometría moderna, enfatizando su interconexión y aplicaciones en la resolución de problemas. Con un enfoque pedagógico, Repetto utiliza ejemplos prácticos y ejercicios que fomentan la comprensión profunda de los temas tratados, desde las estructuras algebraicas hasta las propiedades geométricas. La obra también aborda la evolución histórica de estas disciplinas, lo que permite a los lectores apreciar el contexto en el que se desarrollaron. Con un estilo claro y didáctico, el libro no solo busca enseñar técnicas matemáticas, sino también estimular el pensamiento crítico y la creatividad en la resolución de problemas. En conjunto, "Matemática moderna" se establece como un recurso valioso para aquellos que desean profundizar en el estudio de las matemáticas contemporáneas.
653 ## - MATERIA - TÉRMINO TEMÁTICO NO CONTROLADO (PALABRAS CLAVE)
Materia - término temático no controlado (palabras clave) Álgebra
653 ## - MATERIA - TÉRMINO TEMÁTICO NO CONTROLADO (PALABRAS CLAVE)
Materia - término temático no controlado (palabras clave) Geometría
653 ## - MATERIA - TÉRMINO TEMÁTICO NO CONTROLADO (PALABRAS CLAVE)
Materia - término temático no controlado (palabras clave) Matemáticas
700 ## - ENTRADA SECUNDARIA - AUTOR PERSONAL
Nombre personal Fesquet, Hilda B.
Rol del autor Autor
700 ## - ENTRADA SECUNDARIA - AUTOR PERSONAL
Nombre personal Linskens, Marcela E.
Rol del autor Autor
942 ## - ELEMENTOS PERSONALIZADOS (KOHA)
Fecha catalogación 2026/02/17
Tipo de documento Libros
Existencias
Fuente de Clasificacion Colección Ubicacion permanente Biblioteca actual Fecha de Ingreso a la Biblioteca Origen de adquisición Enumeración en serie / cronología Código de ubicación Código de barras Tipo de Item KOHA Nota pública
Dewey Decimal Classification Colección General (CG) Biblioteca e Internet, Facultad de Ciencias Exactas y Naturales Biblioteca e Internet, Facultad de Ciencias Exactas y Naturales 02/20/2026 Donación 2aEd. 512 R299a CG793 Libros Material disponible en la Biblioteca e Intenet, Campus UNA, San Lorenzo.